Investigación para la normalización de papeles, procesos de pulpeo y métodos de ensayo
Enregistré dans:
| Auteur principal: | |
|---|---|
| Autres auteurs: | , , , , |
| Format: | Livre |
| Langue: | Spanish |
| Publié: |
[San José, Costa Rica] : [Universidad de Costa Rica, Facultad de Ingeniería, Instituto de Investigaciones en Ingeniería]
2008
|
| Tags: |
Ajouter un tag
Pas de tags, Soyez le premier à ajouter un tag!
|
MARC
| LEADER | 00000nam a2200000Ia 4500 | ||
|---|---|---|---|
| 003 | PI0177 | ||
| 005 | 20240522082145.0 | ||
| 008 | 140114s2008 cr a 000 ||spa d | ||
| 040 | |c cru CEDI | ||
| 100 | |a Blanco Rojas, María Lorena, 1959-2011 |9 1709 | ||
| 245 | |a Investigación para la normalización de papeles, procesos de pulpeo y métodos de ensayo | ||
| 260 | |a [San José, Costa Rica] : [Universidad de Costa Rica, Facultad de Ingeniería, Instituto de Investigaciones en Ingeniería] |c 2008 | ||
| 500 | |a Informe Final No. 731-A4-140 | ||
| 700 | |a Solano Sánchez, Paula, 1976- |9 2216 | ||
| 700 | |a Carpio Malavassi, Isabel María, 1954- |9 1705 | ||
| 700 | |a Cruz Meléndez, Luis Alberto, 1952- |9 1706 | ||
| 700 | |a Guillén Mora, Álvaro |9 3029 | ||
| 700 | |a Rojas Camacho, Pedro Antonio, 1962- |d Técnico |9 2249 | ||
| 942 | |c PI |h PI-177 |i PI0177 |6 PI_177_PI0177 | ||
| 999 | |c 12646 |d 12646 | ||
